| 000 | 00817nam a22001937a 4500 | ||
|---|---|---|---|
| 999 |
_c16312 _d16312 |
||
| 003 | AR-CdUCM | ||
| 008 | 190503b ||||| |||| 00| 0 spa d | ||
| 040 |
_aMUNICIPALIDAD PROVINCIAL DEL CUSCO _cBIBLIOTECA MUNICIPAL DEL CUSCO |
||
| 082 |
_22ed. _a333.195 / _bE24 |
||
| 110 |
_aEdiciones en Lenguas Extranjeras _916044 |
||
| 245 | _aLey de reforma agraria de la República Popular China / | ||
| 260 |
_aPekìn : _bLenguas Extranjeras, _c1960. |
||
| 300 |
_a99 páginas ; _c19 cm. |
||
| 505 | _aContenido: Ley de reforma agraria de la república popular China -- Decisiones relativas a la diferenciación de situación de clases en el campo -- Estatuto de organización de la asociación campesina ... | ||
| 650 |
_aReforma agraria _91861 |
||
| 650 |
_aChina _9843 |
||
| 942 |
_2ddc _cLIBROS |
||
| 945 |
_aacv _d2019-05-03 |
||